000 00618nam a2200217Ii 4500
003 JO-AjNU
008 230606s9999||||xx |||||||||||||| ||und||
020 _a978-1-138-20621-2
040 _aJO-AjNU
_beng
_erda
_cJO-AjNU
041 _aeng
050 1 4 _aPE1128.A2.H43.2018
100 3 _aHedgcock, JoHN S. and Dana R. Ferris,
_eauthor
_95965
245 0 0 _aTeaching Readers of English
250 _a2 ed
264 3 1 _aNew York: Routledge, 2018
300 _a416p
336 _atext
_btxt
_2rdacontent
337 _aunmediated
_bn
_2rdamedia
338 _avolume
_bnc
_2rdacarrier
650 4 _aENGLISH READING
_95966
999 _aE3094
_c3091
_d3091